| 000 | 00347 a2200121 4500 | ||
|---|---|---|---|
| 005 | 20250509075251.0 | ||
| 082 | _a653.315 PAM | ||
| 245 | _aWorkers and Management : Tanzanian Studies Series no 4. | ||
| 260 |
_aDar Es Salaam, _bTanzania Publishing House, _c1976. |
||
| 300 |
_aVii, 257p.: ill.; table _c17cm. |
||
| 700 | _aMAPOLU, H. | ||
| 942 |
_2ddc _cBKS |
||
| 999 |
_c2220 _d2220 |
||